Regions of Iceland - Map Quiz - Statistics

General Stats
  • This quiz has been taken 215 times
  • The average score is 6 of 8
Answers on the Map
Answers color-coded by a green-red scale on the quiz's map according to % correct below.
 
Answer Stats
Answer % Correct
Höfuðborgarsvæðið | Reykjavík
76%
Austurland
73%
Suðurland
71%
Norðurland vestra
70%
Suðurnes | Reykjanes
70%
Norðurland eystra
68%
Vestfirðir
66%
Vesturland
62%
No matching quizzes found
Score Distribution
Percent of People with Each Score
Percentile by Number Answered
Your Score History
You have not taken this quiz